000 00620nam a2200241 a 4500
999 _c5947
_d5947
001 5947
003 BD-JhCC
005 20180101183422.0
008 171231s1962 E a|||| ||a| 000 0 eng d
035 _a(BD-JhCC) 5947
040 _aBD-JhCC
_dBD-JhCC
041 _aeng
082 _a839.82372
_bCOR 1962
100 _aCorelli, Marie
245 _aThelma /
_cMarie Corelli; Margaret Maison and Michael West
260 _aLONDON :
_bLONGMANS ,
_c1962
300 _a118 p .:
_c18 cm .
650 _aPrinciess, Norway
700 _aMaison, Margaret
700 _aWest, Michael
942 _2ddc
_cBK